|
|
|
|
| LEADER |
01136cam a2200313 7i4500 |
| 001 |
0000155061 |
| 005 |
20240220090000.0 |
| 008 |
240220t20232023enk# ### #00001engm# |
| 020 |
# |
# |
|a 9781032154756
|
| 040 |
# |
# |
|a UMT
|b eng
|c UMT
|d Loc
|e rda
|
| 090 |
0 |
# |
|a HF 5548.37
|b .T7 2023
|
| 100 |
1 |
# |
|a Trim, Peter R. J.
|e author
|
| 245 |
1 |
0 |
|a Strategic cyber security management
|c Peter Trim and Yang-Im Lee.
|
| 250 |
# |
# |
|a First published 2023
|
| 264 |
# |
4 |
|c ♭2023
|
| 264 |
# |
1 |
|a Oxon, England:
|b Routledge,
|c 2023
|
| 300 |
# |
# |
|a xviii, 248 pages;
|c 25 cm
|
| 336 |
# |
# |
|a text --
|2 rdacontent
|
| 337 |
# |
# |
|a unmediated --
|2 rdamedia
|
| 338 |
# |
# |
|a volume --
|2 rdacarrier
|
| 504 |
# |
# |
|a Includes bibliographical references and index
|
| 590 |
# |
# |
|a Fakulti Teknologi Kejuruteraan Kelautan dan Informatik (FTKKI)
|
| 591 |
# |
# |
|a Pameran Buku Ilmiah 2023
|
| 650 |
# |
0 |
|a Computer crimes --
|x Prevention
|
| 650 |
# |
0 |
|a Corporations --
|x Security measures
|
| 650 |
# |
0 |
|a Computer security
|
| 650 |
# |
0 |
|a Business enterprises --
|x Computer networks --
|x Security measures
|
| 700 |
1 |
# |
|a Lee, Yang-Im
|
| 999 |
|
|
|a 1100115745
|b Book
|c Open Shelf
|e KOLEKSI TERBUKA
|